One Piece: Tous les antagonistes - Statistics

General Stats
  • This quiz has been taken 1,212 times
    185 since last reset
  • The average score is 18 of 23
Answer Stats
indices réponses % Correct
Antagoniste de l'arc A***** Park Arlong
95%
Antagoniste de l'arc Alabasta Crocodile (Mr.0)
90%
Antagoniste de l'arc Wano Kuni / Onigashima Kaido aux Cents Bêtes
90%
Antagoniste de l'arc Dress Rosa Donquijote Doflamingo le Démon Céleste
89%
Antagoniste de l'arc Thriller Bark Gecko Moria
87%
Antagoniste de l'arc Skypiea Dieu Ener
86%
Antagoniste de l'arc Water Seven / Enies Lobby Rob Lucci
86%
Antagoniste de l'arc Egg Head Le conseil des cinq doyens
85%
Antagoniste de l'arc Impel Down Directeur Magellan
84%
Antagoniste de l'arc Sabaody Borsalino (kizaru)
83%
Antagoniste de l'arc Marine Ford Sakazuki (Akainu)
83%
Antagoniste de l'arc Village de Sirop Capitaine Kuro
81%
Antagoniste de l'arc Royaume de Drum Wapol
80%
Antagoniste de l'arc Logue Town Colonel Smoker
79%
Antagoniste de l'arc Baratie Don Krieg
79%
Antagoniste de l'arc Long Ring Long Land Foxy le renard argenté
78%
Antagoniste de l'arc Jaya Bellamy la Hyène
71%
Antagoniste de l'arc Little Garden Galdino (Mr.3)
71%
Antagoniste de l'arc Whole cake Island Charlotte Katakuri
68%
Antagoniste de l'arc Ville d'Orange Baggy le Clown
63%
Antagoniste de l'arc Punk Hazard César Clown
62%
Antagoniste de l'arc Ile des Hommes Poissons Hody Jones
62%
Antagoniste de l'arc Romance Down Colonel Morgan
59%
No matching quizzes found
Score Distribution
Percent of People with Each Score
Percentile by Number Answered
Your Score History
You have not taken this quiz since the last reset